00516nam a2200193 a 4500001001300000003000900013005001700022008004100039020001000080082001600090100001500106245008000121260003500201300000900236500003500245505001200280650001500292700001500307nice12345678IN_TiNIC20260116012917.0050524s1987 dela grp 000 0 eng  ac27500a346.54bVER aVerma, B L aDevelopment of Indian Legal Systemb Adalat System, Civil Law, Criminal Law aDelhibDeep and Deep Pubc1987 a428p aincludes index and biblioraphy2 aIndexes aLaws-India1 aVerma, B L